000 00820nam a22002057a 4500
999 _c17478
_d17478
003 AR-CdUCM
008 190508b ||||| |||| 00| 0 spa d
040 _aMUNICIPALIDAD PROVINCIAL DEL CUSCO
_cBIBLIOTECA MUNICIPAL DEL CUSCO
082 _a508.2 /
_bH33
100 _aHartmann, Max,
_932476
245 _aIntroducción a la biología general :
_bSus problemas filosóficos fundamentales /
260 _aMéxico D. F :
_bUnión Tip. Edit. Hispano Americana,
_c1960.
300 _a129 paginas ;
_c17 cm.
505 _aContenido :Concepto y extencion de la biología general --Fundamentos filosóficos de la biología --Problemas biológicos actuales ...
650 _aBiología
_9881
650 _aMaterialismo
_95459
700 _aEnríquez Simoní, Hugo
_937519
942 _2ddc
_cLIBROS
945 _arjall
_d2019-05-08